| 000 | 00905nam a2200289Ia 4500 | ||
|---|---|---|---|
| 003 | OSt | ||
| 005 | 20220928130815.0 | ||
| 006 | a|||||r|||| 00| 0 | ||
| 007 | ta | ||
| 008 | 220927b |||||||| |||| 00| 0 eng d | ||
| 020 | _c1170.4045000000001 | ||
| 024 | _a105926 | ||
| 037 |
_b151A, 18/02/2010, Capital Book Agency _cTextual |
||
| 040 |
_aSDCL _cSDCL _beng |
||
| 041 |
_2eng _aeng |
||
| 082 | _aR3xM891, P9 | ||
| 100 |
_aWittgenstein Ludwig Ed. _9476296 |
||
| 245 | 0 | _aPhilosophical investigations. | |
| 250 | _a4 | ||
| 260 |
_aChichester _bJohn Wiley _c2009 |
||
| 300 |
_axxiii, 321p _ccm. |
||
| 650 | _aPhilosophy | ||
| 700 |
_a Hacker P M S Ed. _9476297 |
||
| 700 |
_a Schulte Joachim Ed. _9476298 |
||
| 942 |
_hR3xM891, P9 _cTEXL _2CC |
||
| 999 |
_c788786 _d788786 |
||